Filmographie de Cate Blanchett par images - Statistiques

Statistiques générales
  • Ce quiz a été pris 96 fois
  • Le résultat moyen est 6 sur 14
Statistiques - réponses
Par images Hint Réponse % Correct
2001 Le Seigneur des Anneaux : La Communauté de l'Anneau
78%
2021 Don't Look Up : Déni Cosmique
67%
2017 Thor : Ragnarok
61%
2010 Robin des Bois
52%
2018 Ocean's 8
49%
2004 Aviator
47%
2022 Tár
46%
2014 Dragons 2
41%
2008 L'Étrange Histoire de Benjamin Button
36%
2014 Monuments Men
36%
2013 Blue Jasmine
35%
1998 Elizabeth
35%
2004 La Vie Aquatique
34%
2008 Indiana Jones et le Royaume du crâne de cristal
31%
Aucun quiz correspondant
Distribution des résultats
% des personnes avec chaque résultat
Percentile par nombre de réponses
Votre historique - résultats
Vous n’avez pas pris ce quiz